Oxford Handbook of Clinical Medicine (Record no. 7794)

MARC details
000 -LEADER
fixed length control field 00468nam a22001697a 4500
008 - FIXED-LENGTH DATA ELEMENTS--GENERAL INFORMATION
fixed length control field 190405b ||||| |||| 00| 0 eng d
020 ## - INTERNATIONAL STANDARD BOOK NUMBER
International Standard Book Number 9780198729884
082 ## - DEWEY DECIMAL CLASSIFICATION NUMBER
Classification number 610.73 L85o 2014
100 ## - MAIN ENTRY--PERSONAL NAME
Personal name Longmore, Murray.
245 ## - TITLE STATEMENT
Title Oxford Handbook of Clinical Medicine
260 ## - PUBLICATION, DISTRIBUTION, ETC.
Place of publication, distribution, etc. New Delhi ;
Name of publisher, distributor, etc. Oxford University press,
Date of publication, distribution, etc. 2014.
300 ## - PHYSICAL DESCRIPTION
Extent 902 p.
Dimensions 18 cm.
700 ## - ADDED ENTRY--PERSONAL NAME
Personal name Wilkinson, Ian B.
Personal name Baldwin, Andrew
Personal name Wallin, Elizabeth
942 ## - Added entry Elements (Koha)
Source of classification or shelving scheme Dewey Decimal Classification
Holdings
Withdrawn status Lost status Source of classification or shelving scheme Damaged status Not for loan Collection code Home library Current library Shelving location Date acquired Serial Enumeration / chronology Total Checkouts Full call number Barcode Date last seen Date last checked out Price effective from Koha item type
    Dewey Decimal Classification     Main TEST RTC Library RTC Library Main opac 05/04/2019 13617 1 610.73 LON 30013135 02/03/2021 15/02/2021 05/04/2019 Main
Royal Thimphu College || All Right Reserved